Statistics for 「山口」とつく駅名

Click here to take the quiz!

General Stats

  • This quiz has been taken 53 times
  • The average score is 11 of 23

Answer Stats

路線名駅名% Correct
JR西日本山口線山口
100%
愛知環状鉄道山口
100%
JR西日本山陽本線新山口
96%
京王高尾線高尾山口
89%
西武狭山線下山口
70%
近鉄信貴線信貴山口
64%
名鉄犬山線犬山口
57%
JR九州長崎本線肥前山口
55%
JR西日本山口線上山口
49%
JR西日本福知山線篠山口
47%
JR西日本津山線
津山口
47%
JR西日本山陰本線大山口
45%
JR西日本山陰本線中山口
38%
秩父鉄道秩父本線浦山口
32%
会津鉄道会津線七ヶ岳登山口
32%
和歌山電鐵貴志川線西山口
32%
叡山電鉄叡山本線八瀬比叡山口
32%
JR東日本五能線白神岳登山口
32%
北近畿タンゴ鉄道宮福線大江山口内宮
30%
三陸鉄道北リアス線山口団地
26%
北九州高速鉄道小倉線徳力嵐山口
21%
水間鉄道水間線三ヶ山口
19%
四国ケーブル八栗登山口
11%

Score Distribution

Percentile by Number Answered

Percent of People with Each Score

Your Score History

You have not taken this quiz